Top Cities In Asia - Statistics

General Stats
  • This quiz has been taken 21 times
  • The average score is 3 of 10
Answer Stats
Hint Answer % Correct
86.96 Tokyo
90%
86.71 Bangkok
71%
88.42 Kyoto
52%
87.93 Chiang Mai
19%
86.23 Thimphu
14%
86.54 Siem Reap
10%
88.20 Luang Prabang
5%
88.74 Ubud
5%
88.09 Hoi An
0%
89.31 Udaipur
0%
No matching quizzes found
Score Distribution
Percent of People with Each Score
Percentile by Number Answered
Your Score History
You have not taken this quiz